000 00840nam a2200253 a 4500
001 73851
003 BD-RjUL
005 20211209082444.0
008 170613r19741971ii a 001 0 eng d
035 _a(BD-RjUL)74069
040 _aDLC
_cODaWU
_dDLC
_dBD-RjUL
_beng
041 _aeng
082 0 0 _a621.388
_bGLF 1974
_223
100 1 _aGlasford, Glen M.
_943286
245 1 0 _aFundamentals of television engineering /
_cGlenn M. Glasford.
250 _aT.M.H. ed.
260 _aNew Delhi :
_bTata McGraw-Hill Publishing Company Ltd.,
_c1971 [Reprinted 1974]
300 _axiv, 642 p. :
_bill. ;
_c24 cm.
490 0 _aMcGraw-Hill electrical and electronic engineering series
500 _aIncludes index.
650 0 _aTelevision.
_943287
830 _aMcGraw-Hill electrical and electronic engineering series
_9218686
942 _2ddc
_cBK
999 _c73851
_d73851